La psicología criminal en nuestro derecho legislado / (Record no. 57370)

MARC details
000 -LEADER
campo de control de longitud fija 00837nam a2200241 i 4500
001 - NÚMERO DE CONTROL
campo de control 57370
003 - IDENTIFICADOR DE NÚMERO DE CONTROL
campo de control ES-MaACL
005 - FECHA Y HORA DE LA ÚLTIMA TRANSACCIÓN
campo de control 20250717124108.0
007 - CAMPO FIJO DE DESCRIPCIÓN FÍSICA--INFORMACIÓN GENERAL
campo de control de longitud fija t|
008 - DATOS DE LONGITUD FIJA--INFORMACIÓN GENERAL
campo de control de longitud fija 031016s1910 sp ||||1| spa d
100 1# - ENTRADA PRINCIPAL--NOMBRE DE PERSONA
Nombre de persona Dorado Montero, Pedro,
Fechas asociadas al nombre 1861-1919
9 (RLIN) 45376
245 13 - MENCIÓN DEL TÍTULO
Título La psicología criminal en nuestro derecho legislado /
Mención de responsabilidad, etc. por P. Dorado.
250 ## - MENCION DE EDICION
Mención de edición 2ª ed. corr. y aum.
260 ## - PUBLICACIÓN, DISTRIBUCIÓN, ETC.
Lugar de publicación, distribución, etc. Madrid :
Nombre del editor, distribuidor, etc. Hijos de Reus,
Fecha de publicación, distribución, etc. 1910.
300 ## - DESCRIPCIÓN FÍSICA
Extensión 358 p. ;
Dimensiones 22 cm.
530 ## - NOTA DISPONIBLE DE FORMULARIO FÍSICO ADICIONAL
Nota de formato físico adicional disponible Disponible en formato digital.
650 #4 - PUNTO DE ACCESO ADICIONAL DE MATERIA--TÉRMINO DE MATERIA
Término de materia o nombre geográfico como elemento de entrada Delincuentes-
Subdivisión general Psicología.
9 (RLIN) 11556
650 00 - PUNTO DE ACCESO ADICIONAL DE MATERIA--TÉRMINO DE MATERIA
Término de materia o nombre geográfico como elemento de entrada Responsabilidad penal.
9 (RLIN) 16869
852 ## - LOCALIZACIÓN
Ubicación ES-MaACL
Número de control de estantería B-5358
Ubicación en estantería Sala Pardo Bazán
Nota libre Revisado enlace: 17 de julio de 2025
856 4# - LOCALIZACIÓN Y ACCESO ELECTRÓNICOS
Identificador Uniforme de Recursos <a href="http://bdh-rd.bne.es/viewer.vm?id=0000206417&page=1 ">http://bdh-rd.bne.es/viewer.vm?id=0000206417&page=1 </a>
Texto de enlace Biblioteca Digital Hispánica
942 ## - ELEMENTOS DE ENTRADA SECUNDARIOS (KOHA)
Fuente del sistema de clasificación o colocación Clasificación decimal universal
Holdings
Estatus retirado Estado de pérdida Estado de daño No para préstamo Colección Biblioteca de origen Biblioteca actual Ubicación en estantería Fecha de adquisición Fuente de adquisición Total de préstamos Signatura topográfica completa Código de barras Visto por última vez Precio de reemplazo Tipo de ítem Koha
        Colección digital Biblioteca del Ateneo de Madrid Biblioteca del Ateneo de Madrid Sala Pardo Bazán 17/01/2008     B-5358 1060232 23/02/2023 23/02/2023 Libro impreso